| 000 | 01007cam a2200301 i 4500 | ||
|---|---|---|---|
| 001 | 18771162 | ||
| 003 | OSt | ||
| 005 | 20240520153832.0 | ||
| 008 | 150904s2010 ke ab 000 0 bnt | ||
| 010 | _a 2014321711 | ||
| 020 | _a9789966481238 | ||
| 040 |
_aDLC _beng _cDLC _erda |
||
| 042 |
_apcc _alcode |
||
| 050 | 0 | 0 |
_aBS325 _b.B777 2007 |
| 130 | 0 |
_aBible. _lBukusu. _f2010. _956203 |
|
| 245 | 1 | 0 |
_aEbibilia endakatifu : _b[elimo endakaano ekhale ne mbia] |
| 246 | 1 |
_iTitle on title page verso: _aHoly Bible in Lubukusu language |
|
| 260 |
_aNairobi, Kenya : _bBible Society of Kenya, _cc2007. |
||
| 300 |
_avi, 1258, 417 pages : _billustrations, maps ; _c22 cm |
||
| 500 | _a[Africana], | ||
| 546 | _aIn Bukusu. | ||
| 630 | 0 | 0 |
_aBible. _lBukusu. _f2010. _956204 |
| 650 | 0 |
_aBukusu dialect _vTexts. _956205 |
|
| 710 | 2 |
_aBible Society of Kenya. _955779 |
|
| 906 |
_a7 _bcbc _corigres _d3 _encip _f20 _gy-gencatlg |
||
| 942 |
_2lcc _cAFR(R) |
||
| 999 |
_c67922 _d67896 |
||